[Event "POR-ch prel"]
[Site "Lisbon"]
[Date "2013.07.18"]
[Round "5.30"]
[White "Flores, Miguel Santos"]
[Black "Parada, Vitor Manuel Capela"]
[Result "0-1"]
[WhiteElo "1510"]
[BlackElo "1696"]
[PlyCount "82"]
[EventDate "2013.07.15"]
[EventType "swiss"]
[EventRounds "9"]
[EventCountry "POR"]
[SourceTitle "EXT 2015"]
[Source "ChessBase"]
[SourceDate "2014.11.20"]
[SourceVersion "1"]
[SourceVersionDate "2014.11.20"]
[SourceQuality "1"]

1. e4 e5 2. Nf3 d6 3. Nc3 Nf6 4. d4 exd4 5. Nxd4 Bg4 6. f3 Bh5 7. Bg5 Be7 8. Bc4 h6 9. Bf4 Nbd7 10. Qe2 Bg6 11. 0-0-0 Nh5 12. Qe3 Nxf4 13. g3 Nh5 14. g4 Bg5 15. Qxg5 Qxg5+ 16. Kb1 Nf4 17. Rhg1 0-0-0 18. Rg3 Ne5 19. Be2 Kb8 20. Rh1 Qe7 21. Re1 h5 22. Rh1 hxg4 23. fxg4 c5 24. Nf5 Bxf5 25. gxf5 Nxe2 26. Nxe2 g5 27. Rhg1 Rxh2 28. Nc3 f6 29. Nd5 Qf7 30. b3 Rdh8 31. Nc3 Rh1 32. Ne2 R8h2 33. Nc3 Nf3 34. Rxh1 Rxh1+ 35. Kb2 Nd4 36. Re3 Rh2 37. Ka3 Nxc2+ 38. Ka4 Qd7+ 39. Nb5 Nxe3 40. Ka5 Rxa2+ 41. Na3 Rxa3# 0-1